Janangalude marx (Record no. 344793)
[ view plain ]
| 000 -LEADER | |
|---|---|
| fixed length control field | 00423nam a22001577a 4500 |
| 003 - CONTROL NUMBER IDENTIFIER | |
| control field | OSt |
| 008 - FIXED-LENGTH DATA ELEMENTS--GENERAL INFORMATION | |
| fixed length control field | 230227b |||||||| |||| 00| 0 eng d |
| 041 ## - LANGUAGE CODE | |
| Language code of text/sound track or separate title | Mal |
| 082 ## - DEWEY DECIMAL CLASSIFICATION NUMBER | |
| Classification number | 331 |
| Item number | BOR/JA |
| 100 ## - MAIN ENTRY--PERSONAL NAME | |
| Personal name | Borchardt, Julian |
| 9 (RLIN) | 5403 |
| 245 ## - TITLE STATEMENT | |
| Title | Janangalude marx |
| Remainder of title | ജനങ്ങളുടെ മാർക്സ് |
| 250 ## - EDITION STATEMENT | |
| -- | 1st |
| 260 ## - PUBLICATION, DISTRIBUTION, ETC. (IMPRINT) | |
| Place of publication, distribution, etc. | Thiruvananthapuram |
| -- | Chintha Publishers |
| Date of publication, distribution, etc. | 2014 |
| 300 ## - PHYSICAL DESCRIPTION | |
| Extent | 360 |
| 942 ## - ADDED ENTRY ELEMENTS (KOHA) | |
| Koha item type | Books (General) |
| Withdrawn status | Lost status | Damaged status | Not for loan | Home library | Current library | Date acquired | Total Checkouts | Full call number | Barcode | Date last seen | Date checked out | Price effective from | Koha item type |
|---|---|---|---|---|---|---|---|---|---|---|---|---|---|
| Kelappaji College of Agricultural Engineering & Technology Library, Tavanur | Kelappaji College of Agricultural Engineering & Technology Library, Tavanur | 27/02/2023 | 2 | 331 BOR/JA | KAU_KCAEFT-26087 | 19/10/2024 | 31/08/2024 | 27/02/2023 | Books (General) |
